000 00779nam a22002297a 4500
999 _c3207
_d3207
003 AR-CdUCM
008 190306b ||||| |||| 00| 0 spa d
040 _aMUNICIPALIDAD PROVINCIAL DEL CUSCO
_cBIBLIOTECA MUNICIPAL DEL CUSCO
082 _a869.508 /
_bZ39
100 _aZavaleta, Carlos Eduardo
_910755
245 _aEl fuego y la rutina :
_bantología /
260 _aLima :
_bPEISA,
_c1976.
300 _a193 páginas ;
_c17 cm.
500 _aCuentos.
505 _aContenido: Juana la campa te vengará -- Esa India -- Yo salvé a Samuel -- Mamá Alba -- Vestido de luto -- El suelo es una flor...
650 _aCuentos peruanos
_97
650 _aSiglo XX
_98
650 _aExpresión poética
_98265
650 _aNarrativa
_967
942 _2ddc
_cLIBROS
945 _adavv